[Event "Pattaya CAD op"]
[Site "Pattaya"]
[Date "2023.04.03"]
[Round "4"]
[White "Culasing, Michael"]
[Black "Osterhus, Omar Torbjorn"]
[Result "0-1"]
[WhiteElo "1660"]
[BlackElo "1351"]
[PlyCount "90"]
[EventDate "2023.04.01"]
[EventType "swiss"]
[EventRounds "7"]
[EventCountry "THA"]
[SourceTitle "CBM 213 Extra"]
[Source "ChessBase"]
[SourceDate "2023.05.31"]
[SourceVersion "1"]
[SourceVersionDate "2023.05.31"]
[SourceQuality "1"]

1. Nf3 d5 2. g3 Bf5 3. Bg2 Nf6 4. c4 e6 5. Qb3 Qc8 6. 0-0 Be7 7. Nc3 c6 8. cxd5 exd5 9. d3 0-0 10. Bf4 Nbd7 11. Rac1 Nc5 12. Qc2 Ne6 13. Bd2 Qc7 14. Nh4 Bg6 15. Nxd5 Nxd5 16. Bxd5 Nd4 17. Qd1 Bxh4 18. gxh4 Qe5 19. Bf3 Nxf3+ 20. exf3 Qh5 21. Be3 Qxh4 22. Qb3 Qh3 23. Bc5 Bh5 24. d4 Bxf3 25. Qxf3 Qxf3 26. Rc3 Qd5 27. Bxf8 Kxf8 28. Rb3 Qd7 29. h3 Re8 30. Rd1 Re6 31. Kf1 Qd5 32. f3 Qh5 33. Kf2 Qxh3 34. Rg1 Qh2+ 35. Rg2 Qh4+ 36. Rg3 Rg6 37. f4 Rxg3 38. Rxg3 Qxf4+ 39. Kg2 Qxg3+ 40. Kxg3 Ke7 41. Kf4 Kd6 42. Ke4 h5 43. a4 h4 44. Kf4 g5+ 45. Kf3 Kd5 0-1

[Event "THA-chT op"]
[Site "Bangkok"]
[Date "2020.12.12"]
[Round "6.2"]
[White "Culasing, Michael"]
[Black "Aung, Kyaw Moe"]
[Result "0-1"]
[WhiteElo "1657"]
[BlackElo "2143"]
[PlyCount "95"]
[EventDate "2020.12.10"]
[EventType "team-swiss"]
[EventRounds "9"]
[EventCountry "THA"]
[SourceTitle "CBM 199 Extra"]
[Source "ChessBase"]
[SourceDate "2021.01.31"]
[SourceVersion "1"]
[SourceVersionDate "2021.01.31"]
[SourceQuality "1"]
[WhiteTeam "JCA Aquarius"]
[BlackTeam "Bangkok CC"]
[WhiteTeamCountry "THA"]
[BlackTeamCountry "THA"]

1. Nf3 Nf6 2. c4 c5 3. Nc3 Nc6 4. e3 e6 5. d4 cxd4 6. Nxd4 Be7 7. Be2 0-0 8. 0-0 a6 9. a3 Qc7 10. b4 d6 11. Bb2 Bd7 12. Rc1 Rac8 13. Qb3 Ne5 14. Nb1 Rfd8 15. h3 Ng6 16. Nd2 e5 17. N4f3 h6 18. Rfd1 Be6 19. Qc3 Qb8 20. e4 Nf4 21. Bf1 b5 22. Qe3 g5 23. c5 g4 24. cxd6 Bxd6 25. Nh4 Kh7 26. Nf5 gxh3 27. gxh3 Rxc1 28. Rxc1 Bxf5 29. exf5 N6d5 30. Qe4 f6 31. Nb3 Qa7 32. Nc5 Rg8+ 33. Kh1 Qg7 34. Bxb5 axb5 35. Ne6 Qf7 36. Rg1 Qh5 37. Rxg8 Qxh3+ 38. Kg1 Kxg8 39. Nxf4 Nxf4 40. Qa8+ Bf8 41. Qe4 Qg4+ 42. Kh2 Qh5+ 43. Kg1 Qd1+ 44. Kh2 Qd2 45. Bxe5 Qxf2+ 46. Kh1 Qh4+ 47. Kg1 Nh3+ 48. Kh2 0-1

[Event "Bangkok Chinese New Year op"]
[Site "Bangkok"]
[Date "2020.01.25"]
[Round "4"]
[White "Culasing, Michael"]
[Black "Burbach, Brunel Baron"]
[Result "1-0"]
[WhiteElo "1799"]
[BlackElo "1461"]
[PlyCount "79"]
[EventDate "2020.01.25"]
[EventType "swiss (rapid)"]
[EventRounds "9"]
[EventCountry "THA"]
[SourceTitle "CBM 194 Extra"]
[Source "ChessBase"]
[SourceDate "2020.03.31"]
[SourceVersion "1"]
[SourceVersionDate "2020.03.31"]
[SourceQuality "1"]

1. Nf3 d5 2. g3 Nf6 3. Bg2 b5 4. d3 Bb7 5. 0-0 e6 6. b3 Bd6 7. Bb2 0-0 8. Nbd2 c5 9. e4 dxe4 10. dxe4 Be7 11. Qe2 a6 12. Rfd1 Qb6 13. a4 Nc6 14. e5 Nd5 15. Ne4 Rfd8 16. c4 bxc4 17. bxc4 Ndb4 18. Nd6 Na5 19. Bc3 Bxd6 20. exd6 Rxd6 21. Rxd6 Qxd6 22. Rd1 Qe7 23. Bxb4 cxb4 24. Qd3 Rc8 25. h4 Nxc4 26. Ng5 g6 27. Bxb7 Qxb7 28. Ne4 e5 29. Qf3 Qe7 30. Rd7 Qe6 31. Qd1 Qc6 32. Qe2 Nb6 33. Rd6 Qc1+ 34. Kg2 Qc7 35. Nf6+ Kg7 36. Qxe5 Qb7+ 37. Kh2 Kf8 38. Nxh7+ Kg8 39. Nf6+ Kf8 40. Rxb6 1-0

[Event "Bangkok Chinese New Year op"]
[Site "Bangkok"]
[Date "2020.01.25"]
[Round "5"]
[White "Culasing, Michael"]
[Black "Salvador, Louie"]
[Result "0-1"]
[WhiteElo "1799"]
[BlackElo "2108"]
[PlyCount "74"]
[EventDate "2020.01.25"]
[EventType "swiss (rapid)"]
[EventRounds "9"]
[EventCountry "THA"]
[SourceTitle "CBM 194 Extra"]
[Source "ChessBase"]
[SourceDate "2020.03.31"]
[SourceVersion "1"]
[SourceVersionDate "2020.03.31"]
[SourceQuality "1"]

1. Nf3 d5 2. g3 Nf6 3. Bg2 c5 4. 0-0 Nc6 5. d4 e6 6. c3 Bd6 7. Bg5 0-0 8. Nbd2 cxd4 9. cxd4 Be7 10. Nb3 Qb6 11. h3 a5 12. Rb1 a4 13. Bxf6 Bxf6 14. Nc5 Nxd4 15. Nxa4 Nxe2+ 16. Kh2 Qa7 17. Qxe2 Qxa4 18. a3 Bd7 19. Rfd1 Rfc8 20. Rd2 Qb3 21. Bf1 Rc5 22. Nd4 Qb6 23. Qg4 Ra4 24. h4 Rcc4 25. Bxc4 Rxc4 26. Rbd1 h5 27. Qxh5 Rxd4 28. b4 Rc4 29. Qf3 Bb5 30. h5 Qc7 31. h6 Rh4+ 32. Kg1 Rxh6 33. Qb3 Qc3 34. Qxc3 Bxc3 35. Rc2 d4 36. Rcc1 Be2 37. Rxc3 dxc3 0-1